Mazzini and the secret societies : (Record no. 26039)
[ view plain ]
| 000 -LEADER | |
|---|---|
| fixed length control field | 00792cam a22002531 4500 |
| 001 - CONTROL NUMBER | |
| control field | 26039 |
| 003 - CONTROL NUMBER IDENTIFIER | |
| rucl marc code | BD-RjUL |
| 005 - DATE AND TIME OF LATEST TRANSACTION | |
| control field | 20211209050949.0 |
| 008 - FIXED-LENGTH DATA ELEMENTS--GENERAL INFORMATION | |
| fixed length control field | 140320s1956 enkaf 001 0 eng |
| 035 ## - SYSTEM CONTROL NUMBER | |
| System control number | (BD-RjUL)26109 |
| System control number | (OCoLC)755246 |
| 040 ## - CATALOGING SOURCE | |
| Original cataloging agency | DLC |
| Transcribing agency | OKentU |
| Modifying agency | OCoLC |
| -- | DLC |
| -- | BD-RjUL |
| Language of cataloging | eng |
| 041 ## - LANGUAGE CODE | |
| Language code of text/sound track or separate title | eng |
| 082 ## - DEWEY DECIMAL CLASSIFICATION NUMBER | |
| Classification number | 945.08 |
| Author mark and year | HAM 1956 |
| 100 1# - MAIN ENTRY--PERSONAL NAME | |
| Personal name | Hales, E. E. Y. |
| Fuller form of name | (Edward Elton Young), |
| Dates associated with a name | 1908- |
| 9 (RLIN) | 80000 |
| 245 10 - TITLE STATEMENT | |
| Title | Mazzini and the secret societies : |
| Remainder of title | the making of a myth / |
| Statement of responsibility, etc. | E. E. Y. Hales. |
| 260 ## - PUBLICATION, DISTRIBUTION, ETC. (IMPRINT) | |
| Place of publication, distribution, etc. | London : |
| Name of publisher, distributor, etc. | P.J. Kenedy, |
| Date of publication, distribution, etc. | 1956. |
| 300 ## - PHYSICAL DESCRIPTION | |
| Pagination | 226 p. : |
| Illustrations | illus. ; |
| Size | 23 cm. |
| 504 ## - BIBLIOGRAPHY, ETC. NOTE | |
| Bibliography, etc | Includes bibliographical references and index. |
| 600 10 - SUBJECT ADDED ENTRY--PERSONAL NAME | |
| Personal name | Mazzini, Giuseppe, |
| Dates associated with a name | 1805-1872. |
| 942 ## - ADDED ENTRY ELEMENTS (KOHA) | |
| Source of classification or shelving scheme | Dewey Decimal Classification |
| Koha item type | Books |
| Lost status | Source of classification or shelving scheme | Damaged status | Not for loan | Collection code | Permanent Location | Current Location | Shelving location | Date acquired | Source of acquisition | Cost, normal purchase price | Total Checkouts | Full call number | Date last seen | Copy number | Koha item type |
|---|---|---|---|---|---|---|---|---|---|---|---|---|---|---|---|
| Dewey Decimal Classification | Added to bundle | Fiction | Central Library, University of Rajshahi | Central Library, University of Rajshahi | Reading Room | 05/09/1957 | B. H. Bluckwell | 1.10 | 945.08 HAM 1956 | 20/03/2014 | C-1 | Books |